Score 0/18 Timer 05:00
1 Play Today
% Correct
Brad Pitt
96.3%
Leonardo DiCaprio
94.7%
Justin Bieber
92.4%
David Beckham
90.4%
Orlando Bloom
84.8%
Chris Hemsworth
77.4%
Bradley Cooper
75.7%
Heath Ledger
75.5%
Jared Leto
69%
% Correct
Joaquin Phoenix
68.7%
Colin Farrell
66%
Jake Gyllenhaal
64.5%
Harry Styles
57.5%
Russell Brand
54.5%
Mickey Rourke
53.9%
Shia LaBeouf
45.4%
Jason Momoa
29.3%
Gavin Rossdale
21.2%
Come Together.
Have Fun.
All Virtual.
We all need to come together. Play Sporcle's virtual live trivia to have fun, connect with people, and get your trivia on. Join a live hosted trivia game for your favorite pub trivia experience done virtually. If a virtual private party is more your thing, go here for details.

You're not logged in!

Compare scores with friends on all Sporcle quizzes.
OR
Log In

Sporcle TV

Today on Sporcle TV


Watch our educational content, quiz creation guides, and fun videos on Sporcle TV.

Show Comments

Extras

Top Quizzes Today


Score Distribution

Paid Content

Your Account Isn't Verified!

In order to create a playlist on Sporcle, you need to verify the email address you used during registration. Go to your Sporcle Settings to finish the process.

Report this User

Report this user for behavior that violates our Community Guidelines.

Details: